LEADER 04008nam 22007455 450 001 9911015869403321 005 20260216143618.0 010 $a3-031-86858-7 024 7 $a10.1007/978-3-031-86858-0 035 $a(MiAaPQ)EBC32196052 035 $a(Au-PeEL)EBL32196052 035 $a(CKB)39578194300041 035 $a(DE-He213)978-3-031-86858-0 035 $a(OCoLC)1528358647 035 $a(EXLCZ)9939578194300041 100 $a20250702d2025 u| 0 101 0 $aeng 135 $aurcnu|||||||| 181 $ctxt$2rdacontent 182 $cc$2rdamedia 183 $acr$2rdacarrier 200 10$aHypercomplex Analysis and Its Applications $eExtended Abstracts of the International Conference Celebrating Paula Cerejeiras? 60th Birthday /$fedited by Nelson Faustino, Milton Ferreira, Uwe Kähler, Nelson Vieira 205 $a1st ed. 2025. 210 1$aCham :$cSpringer Nature Switzerland :$cImprint: Birkhäuser,$d2025. 215 $a1 online resource (287 pages) 225 1 $aResearch Perspectives Ghent Analysis and PDE Center,$x2948-1732 ;$v9 311 08$a3-031-86857-9 327 $a- 1. Peculiar Behaviors of Functions in q-Calculus -- 2. An introduction to the fine structures on the S-spectrum -- 3. Recovering Composition Algebras from 3D Geometric Algebras -- 4. Characteristics of ?-Hypermonogenic Functions -- 5. Quaternion Hyperbolic Transforms of the Fourier type - An Overview -- 6. Examples for Rebricking -- 7. Discrete Borel-Pompeiu and Cauchy formulae on a rectangular lattice for bounded domains in R2 -- 8. Clifford-Valued B-Splines -- 9. On Clifford Geometric Space-Time Algebras and Symmetries -- 10. Octonionic Hilbert spaces and para-linear operators -- 11. The discrete octonionic Stokes? formula revisited -- 12. An estimate for the dimension of the Kernel of a Singular Integral Operator with two Shifts and Conjugation -- 13. A Bernstein-type inequality for the generalized Dunkl translation -- 14. A zeta function for the bicomplex algebra -- 15. On Grade Automorphism in Ternary Clifford Algebras -- 16. Fractional Polyanalyticity. 330 $aThis book contains a collection of short papers based on the presentations given at the international conference on Hypercomplex Analysis and its Applications celebrating Paula Cerejeiras? 60th birthday. These papers present the latest results as well as overviews on specific topics in the areas of hypercomplex and harmonic analysis as well as their connections with partial differential equations and spectral theory. 410 0$aResearch Perspectives Ghent Analysis and PDE Center,$x2948-1732 ;$v9 606 $aFunctions of complex variables 606 $aHarmonic analysis 606 $aDifferential equations 606 $aFunctions of a Complex Variable 606 $aSeveral Complex Variables and Analytic Spaces 606 $aAbstract Harmonic Analysis 606 $aDifferential Equations 606 $aFuncions de variables complexes$2thub 606 $aEquacions diferencials$2thub 606 $aAnàlisi harmònica$2thub 606 $aÀlgebres de Clifford$2thub 608 $aLlibres electrònics$2thub 615 0$aFunctions of complex variables. 615 0$aHarmonic analysis. 615 0$aDifferential equations. 615 14$aFunctions of a Complex Variable. 615 24$aSeveral Complex Variables and Analytic Spaces. 615 24$aAbstract Harmonic Analysis. 615 24$aDifferential Equations. 615 7$aFuncions de variables complexes 615 7$aEquacions diferencials 615 7$aAnàlisi harmònica 615 7$aÀlgebres de Clifford 676 $a515.9 700 $aFaustino$b Nelson$01833452 701 $aFerreira$b M$01889316 701 $aKa?hler$b Uwe$00 701 $aVieira$b Nelson$0551400 801 0$bMiAaPQ 801 1$bMiAaPQ 801 2$bMiAaPQ 906 $aBOOK 912 $a9911015869403321 996 $aHypercomplex Analysis and Its Applications$94529562 997 $aUNINA